| 000 | 00883nam a2200325Ia 4500 | ||
|---|---|---|---|
| 003 | OSt | ||
| 005 | 20251003115445.0 | ||
| 008 | 210210b2007 xxu||||| |||| 00| 0 eng d | ||
| 040 | _cAL | ||
| 041 | _aeng | ||
| 082 | _aS891.2K BHAK | ||
| 100 |
_aBhat G N Ed _9241311 |
||
| 245 | _aKaLidAsa virachita abhijnAnashAkuntalam: 4 mattu 5nE anka | ||
| 260 |
_aMangaLuru _bMangaluru Vishvavidyanilaya Samskrata Shikshaka Sangha _c2007 |
||
| 300 | _axx,108p | ||
| 650 |
_avirachita _9241312 |
||
| 650 |
_atratIya _9241313 |
||
| 650 |
_asemister _9241314 |
||
| 650 |
_amattu _9241315 |
||
| 650 |
_aKaLidAsa _9241316 |
||
| 650 |
_advitIya _9241317 |
||
| 650 |
_aBCom _9241318 |
||
| 650 |
_aanka: _9241319 |
||
| 650 |
_aabhijnAnashAkuntalam: _9241320 |
||
| 650 |
_a5nE _9241321 |
||
| 650 |
_a4 _9241322 |
||
| 690 |
_aSanskrit Drama _9241323 |
||
| 906 | _a065501 | ||
| 942 |
_2ddc _cBK |
||
| 999 |
_c143010 _d143010 |
||